<?xml version="1.0" encoding="UTF-8"?>
<record
    xmlns:xsi="http://www.w3.org/2001/XMLSchema-instance"
    xsi:schemaLocation="http://www.loc.gov/MARC21/slim http://www.loc.gov/standards/marcxml/schema/MARC21slim.xsd"
    xmlns="http://www.loc.gov/MARC21/slim">

  <leader>00885cam a22002775a 4500</leader>
  <controlfield tag="001">016485550</controlfield>
  <controlfield tag="003">Uk</controlfield>
  <controlfield tag="005">20161102104610.0</controlfield>
  <controlfield tag="008">130625s2014    enk           000 0 eng d</controlfield>
  <datafield tag="020" ind1=" " ind2=" ">
    <subfield code="a">9781292025636 (pbk.) </subfield>
  </datafield>
  <datafield tag="020" ind1=" " ind2=" ">
    <subfield code="a">1292025638 (pbk.) </subfield>
  </datafield>
  <datafield tag="040" ind1=" " ind2=" ">
    <subfield code="a">UK-WkNB</subfield>
    <subfield code="b">eng</subfield>
    <subfield code="c">UK-WkNB</subfield>
    <subfield code="d">EG-ScBUE</subfield>
  </datafield>
  <datafield tag="082" ind1="0" ind2="4">
    <subfield code="a">621.3815</subfield>
    <subfield code="2">22</subfield>
    <subfield code="b">BOY</subfield>
  </datafield>
  <datafield tag="100" ind1="1" ind2=" ">
    <subfield code="a">Boylestad, Robert L.</subfield>
  </datafield>
  <datafield tag="245" ind1="1" ind2="0">
    <subfield code="a">Electronic devices and circuit theory /</subfield>
    <subfield code="c">Robert L. Boylestad, Louis Nashelsky.</subfield>
  </datafield>
  <datafield tag="250" ind1=" " ind2=" ">
    <subfield code="a">11th ed., Pearson new international ed.</subfield>
  </datafield>
  <datafield tag="260" ind1=" " ind2=" ">
    <subfield code="a">Harlow :</subfield>
    <subfield code="b">Pearson Education Limited,</subfield>
    <subfield code="c">c.2014</subfield>
  </datafield>
  <datafield tag="300" ind1=" " ind2=" ">
    <subfield code="a">ii, 924 p. :</subfield>
    <subfield code="b">ill. ;</subfield>
    <subfield code="c">28 cm</subfield>
  </datafield>
  <datafield tag="590" ind1=" " ind2=" ">
    <subfield code="a">Sameh</subfield>
  </datafield>
  <datafield tag="650" ind1=" " ind2="7">
    <subfield code="a">Electronic circuits.</subfield>
    <subfield code="2">BUEsh</subfield>
    <subfield code="9">6945</subfield>
  </datafield>
  <datafield tag="650" ind1=" " ind2="7">
    <subfield code="a">Electronic apparatus and appliances.</subfield>
    <subfield code="2">BUEsh</subfield>
    <subfield code="9">11507</subfield>
  </datafield>
  <datafield tag="651" ind1=" " ind2=" ">
    <subfield code="2">BUEsh</subfield>
  </datafield>
  <datafield tag="653" ind1=" " ind2=" ">
    <subfield code="b">ENGELC</subfield>
    <subfield code="c">March2015</subfield>
    <subfield code="c">November2016</subfield>
  </datafield>
  <datafield tag="700" ind1="1" ind2=" ">
    <subfield code="a">Nashelsky, Louis.</subfield>
  </datafield>
  <datafield tag="942" ind1=" " ind2=" ">
    <subfield code="2">ddc</subfield>
  </datafield>
  <datafield tag="999" ind1=" " ind2=" ">
    <subfield code="c">19035</subfield>
    <subfield code="d">19007</subfield>
  </datafield>
  <datafield tag="952" ind1=" " ind2=" ">
    <subfield code="0">0</subfield>
    <subfield code="1">0</subfield>
    <subfield code="2">ddc</subfield>
    <subfield code="4">0</subfield>
    <subfield code="7">0</subfield>
    <subfield code="8">Baccah</subfield>
    <subfield code="a">MAIN</subfield>
    <subfield code="b">MAIN</subfield>
    <subfield code="c">1ST</subfield>
    <subfield code="d">2015-03-14</subfield>
    <subfield code="e">purchase</subfield>
    <subfield code="g">270.00</subfield>
    <subfield code="l">0</subfield>
    <subfield code="o">621.3815 BOY</subfield>
    <subfield code="p">000037556</subfield>
    <subfield code="r">2025-07-15 00:00:00</subfield>
    <subfield code="v">337.50</subfield>
    <subfield code="y">NB</subfield>
  </datafield>
  <datafield tag="952" ind1=" " ind2=" ">
    <subfield code="0">0</subfield>
    <subfield code="1">0</subfield>
    <subfield code="2">ddc</subfield>
    <subfield code="4">0</subfield>
    <subfield code="7">0</subfield>
    <subfield code="8">Baccah</subfield>
    <subfield code="a">MAIN</subfield>
    <subfield code="b">MAIN</subfield>
    <subfield code="c">1ST</subfield>
    <subfield code="d">2015-03-19</subfield>
    <subfield code="e">purchase</subfield>
    <subfield code="g">270.00</subfield>
    <subfield code="l">1</subfield>
    <subfield code="m">24</subfield>
    <subfield code="o">621.3815 BOY</subfield>
    <subfield code="p">000037609</subfield>
    <subfield code="r">2025-07-15 00:00:00</subfield>
    <subfield code="s">2017-10-11</subfield>
    <subfield code="v">337.50</subfield>
    <subfield code="y">BB</subfield>
  </datafield>
  <datafield tag="952" ind1=" " ind2=" ">
    <subfield code="0">0</subfield>
    <subfield code="1">0</subfield>
    <subfield code="2">ddc</subfield>
    <subfield code="4">0</subfield>
    <subfield code="7">0</subfield>
    <subfield code="8">Baccah</subfield>
    <subfield code="a">MAIN</subfield>
    <subfield code="b">MAIN</subfield>
    <subfield code="c">1ST</subfield>
    <subfield code="d">2015-03-19</subfield>
    <subfield code="e">purchase</subfield>
    <subfield code="g">270.00</subfield>
    <subfield code="l">4</subfield>
    <subfield code="m">29</subfield>
    <subfield code="o">621.3815 BOY</subfield>
    <subfield code="p">000037608</subfield>
    <subfield code="r">2025-07-15 00:00:00</subfield>
    <subfield code="s">2019-03-06</subfield>
    <subfield code="v">337.50</subfield>
    <subfield code="y">BB</subfield>
  </datafield>
  <datafield tag="952" ind1=" " ind2=" ">
    <subfield code="0">0</subfield>
    <subfield code="1">0</subfield>
    <subfield code="2">ddc</subfield>
    <subfield code="4">0</subfield>
    <subfield code="7">0</subfield>
    <subfield code="8">Baccah</subfield>
    <subfield code="a">MAIN</subfield>
    <subfield code="b">MAIN</subfield>
    <subfield code="c">1ST</subfield>
    <subfield code="d">2015-03-19</subfield>
    <subfield code="e">purchase</subfield>
    <subfield code="g">270.00</subfield>
    <subfield code="l">4</subfield>
    <subfield code="m">86</subfield>
    <subfield code="o">621.3815 BOY</subfield>
    <subfield code="p">000037607</subfield>
    <subfield code="r">2025-07-15 00:00:00</subfield>
    <subfield code="s">2017-09-30</subfield>
    <subfield code="v">337.50</subfield>
    <subfield code="y">BB</subfield>
  </datafield>
  <datafield tag="952" ind1=" " ind2=" ">
    <subfield code="0">0</subfield>
    <subfield code="1">0</subfield>
    <subfield code="2">ddc</subfield>
    <subfield code="4">0</subfield>
    <subfield code="7">0</subfield>
    <subfield code="8">Baccah</subfield>
    <subfield code="a">MAIN</subfield>
    <subfield code="b">MAIN</subfield>
    <subfield code="c">1ST</subfield>
    <subfield code="d">2015-03-19</subfield>
    <subfield code="e">purchase</subfield>
    <subfield code="g">270.00</subfield>
    <subfield code="l">2</subfield>
    <subfield code="m">4</subfield>
    <subfield code="o">621.3815 BOY</subfield>
    <subfield code="p">000037606</subfield>
    <subfield code="r">2025-07-15 00:00:00</subfield>
    <subfield code="s">2019-03-06</subfield>
    <subfield code="v">337.50</subfield>
    <subfield code="y">BB</subfield>
  </datafield>
  <datafield tag="952" ind1=" " ind2=" ">
    <subfield code="0">0</subfield>
    <subfield code="1">0</subfield>
    <subfield code="2">ddc</subfield>
    <subfield code="4">0</subfield>
    <subfield code="7">0</subfield>
    <subfield code="8">Baccah</subfield>
    <subfield code="a">MAIN</subfield>
    <subfield code="b">MAIN</subfield>
    <subfield code="c">1ST</subfield>
    <subfield code="d">2015-03-19</subfield>
    <subfield code="e">purchase</subfield>
    <subfield code="g">270.00</subfield>
    <subfield code="l">1</subfield>
    <subfield code="m">99</subfield>
    <subfield code="o">621.3815 BOY</subfield>
    <subfield code="p">000037605</subfield>
    <subfield code="r">2025-07-15 00:00:00</subfield>
    <subfield code="s">2016-11-06</subfield>
    <subfield code="v">337.50</subfield>
    <subfield code="y">BB</subfield>
  </datafield>
  <datafield tag="952" ind1=" " ind2=" ">
    <subfield code="0">0</subfield>
    <subfield code="1">0</subfield>
    <subfield code="2">ddc</subfield>
    <subfield code="4">0</subfield>
    <subfield code="7">0</subfield>
    <subfield code="8">Baccah</subfield>
    <subfield code="a">MAIN</subfield>
    <subfield code="b">MAIN</subfield>
    <subfield code="c">1ST</subfield>
    <subfield code="d">2015-03-19</subfield>
    <subfield code="e">purchase</subfield>
    <subfield code="g">270.00</subfield>
    <subfield code="l">0</subfield>
    <subfield code="o">621.3815 BOY</subfield>
    <subfield code="p">000037604</subfield>
    <subfield code="r">2025-07-15 00:00:00</subfield>
    <subfield code="v">337.50</subfield>
    <subfield code="y">BB</subfield>
  </datafield>
  <datafield tag="952" ind1=" " ind2=" ">
    <subfield code="0">0</subfield>
    <subfield code="1">0</subfield>
    <subfield code="2">ddc</subfield>
    <subfield code="4">0</subfield>
    <subfield code="7">0</subfield>
    <subfield code="8">Baccah</subfield>
    <subfield code="a">MAIN</subfield>
    <subfield code="b">MAIN</subfield>
    <subfield code="c">1ST</subfield>
    <subfield code="d">2015-03-19</subfield>
    <subfield code="e">purchase</subfield>
    <subfield code="g">270.00</subfield>
    <subfield code="l">0</subfield>
    <subfield code="o">621.3815 BOY</subfield>
    <subfield code="p">000037603</subfield>
    <subfield code="r">2025-07-15 00:00:00</subfield>
    <subfield code="v">337.50</subfield>
    <subfield code="y">BB</subfield>
  </datafield>
  <datafield tag="952" ind1=" " ind2=" ">
    <subfield code="0">0</subfield>
    <subfield code="1">0</subfield>
    <subfield code="2">ddc</subfield>
    <subfield code="4">0</subfield>
    <subfield code="7">0</subfield>
    <subfield code="8">Baccah</subfield>
    <subfield code="a">MAIN</subfield>
    <subfield code="b">MAIN</subfield>
    <subfield code="c">1ST</subfield>
    <subfield code="d">2015-03-19</subfield>
    <subfield code="e">purchase</subfield>
    <subfield code="g">270.00</subfield>
    <subfield code="l">3</subfield>
    <subfield code="m">4</subfield>
    <subfield code="o">621.3815 BOY</subfield>
    <subfield code="p">000037602</subfield>
    <subfield code="r">2025-07-15 00:00:00</subfield>
    <subfield code="s">2017-12-04</subfield>
    <subfield code="v">337.50</subfield>
    <subfield code="y">BB</subfield>
  </datafield>
  <datafield tag="952" ind1=" " ind2=" ">
    <subfield code="0">0</subfield>
    <subfield code="1">0</subfield>
    <subfield code="2">ddc</subfield>
    <subfield code="4">0</subfield>
    <subfield code="7">0</subfield>
    <subfield code="8">Baccah</subfield>
    <subfield code="a">MAIN</subfield>
    <subfield code="b">MAIN</subfield>
    <subfield code="c">1ST</subfield>
    <subfield code="d">2015-03-19</subfield>
    <subfield code="e">purchase</subfield>
    <subfield code="g">270.00</subfield>
    <subfield code="l">2</subfield>
    <subfield code="m">3</subfield>
    <subfield code="o">621.3815 BOY</subfield>
    <subfield code="p">000037601</subfield>
    <subfield code="r">2025-07-15 00:00:00</subfield>
    <subfield code="s">2019-02-16</subfield>
    <subfield code="v">337.50</subfield>
    <subfield code="y">BB</subfield>
  </datafield>
  <datafield tag="952" ind1=" " ind2=" ">
    <subfield code="0">0</subfield>
    <subfield code="1">0</subfield>
    <subfield code="2">ddc</subfield>
    <subfield code="4">0</subfield>
    <subfield code="7">0</subfield>
    <subfield code="8">Baccah</subfield>
    <subfield code="a">MAIN</subfield>
    <subfield code="b">MAIN</subfield>
    <subfield code="c">1ST</subfield>
    <subfield code="d">2016-11-02</subfield>
    <subfield code="e">Purchase</subfield>
    <subfield code="g">459.00</subfield>
    <subfield code="h">3653</subfield>
    <subfield code="l">1</subfield>
    <subfield code="m">19</subfield>
    <subfield code="o">621.3815 BOY</subfield>
    <subfield code="p">000034252</subfield>
    <subfield code="r">2025-07-15 00:00:00</subfield>
    <subfield code="s">2018-01-21</subfield>
    <subfield code="v">574.00</subfield>
    <subfield code="y">BB</subfield>
  </datafield>
</record>
